000 00754cab a2200253 4500
001 ABS58072
008 090401t1997 xxu||||| |||| 00| 0 eng d
035 _a(Sirsi) u82737
041 _aeng
100 _aPurcell, S.
245 _aRent reviews: the surveyor`s approach (1)
260 _c1997
350 _a0
490 _aSolicitors` Journal
_v141(47) 12 december 1997, 1184(1)
520 _aConsiders the valuation aspects of rent reviews, reviewing treatment of incentives and privity of contract.
650 _aCOMMERCIAL LEASES
650 _aINCENTIVES
650 _aPRIVITY OF CONTRACT
650 _aRENT REVIEWS
650 _aVALUATION METHODS
690 _aLANDLORD AND TENANT-RENT REVIEWS
942 _n0
948 _c17/12/1997
999 _c52257
_d52257